书目信息 |
| 题名: |
Google Android开发入门指南
|
|
| 作者: | 盖索林 编著 ;王世江 改编 | |
| 分册: | ||
| 出版信息: | 北京 人民邮电出版社 2009.11 |
|
| 页数: | 281页 | |
| 开本: | 24cm | |
| 丛书名: | 移动开发系列丛书 | |
| 单 册: | ||
| 中图分类: | TN929.53 | |
| 科图分类: | ||
| 主题词: | 移动通信--yi dong tong xin--携带电话机--应用程序--程序设计 | |
| 电子资源: | ||
| ISBN: | 978-7-115-21394-5 | |
| 000 | 01302nam 2200277 450 | |
| 001 | 112009 | |
| 005 | 20100607092254.42 | |
| 010 | @a978-7-115-21394-5@dCNY45.00 (含光盘) | |
| 010 | @a978-7-89479-777-3@b光盘 | |
| 100 | @a20100515d2009 em y0chiy0121 ea | |
| 101 | 0 | @achi |
| 102 | @aCN@b110000 | |
| 105 | @aa z 000yy | |
| 200 | 1 | @aGoogle Android开发入门指南@AGoogle Androidkai fa ru men zhi nan@f盖索林编著@g王世江改编 |
| 205 | @a第2版 | |
| 210 | @a北京@c人民邮电出版社@d2009.11 | |
| 215 | @a281页@c图@d24cm@e光盘1片 | |
| 225 | 2 | @a移动开发系列丛书@Ayi dong kai fa xi lie cong shu |
| 330 | @a本书是一本快速入门指南, 旨在帮助读者迅速由入门晋级到实际应用, 学会Android平台的应用程序设计。本书共分6个主题41章, 每章皆以实例为主轴, 介绍在实际编写应用程序时将经常使用到的功能, 并配合相关的概念讲解。内容包括Android开发工具的安装与使用、Android应用程序界面编写、通过重构让应用程序更容易扩展与维护、以用户为导向设计手机应用程序、发布应用程序、SQLite数据库应用、地图与定位功能等。随书光盘中包括了所有范例的程序代码。 | |
| 410 | 0 | @12001 @a移动开发系列丛书 |
| 606 | 0 | @a移动通信@Ayi dong tong xin@x携带电话机@x应用程序@x程序设计 |
| 690 | @aTN929.53@v4 | |
| 701 | 0 | @a盖索林@Agai suo lin@4编著 |
| 702 | 0 | @a王世江@Awang shi jiang@4改编 |
| 801 | 0 | @aCN@c20100515 |
| 905 | @dTN929.53@eG013=2@f3 | |
| Google Android开发入门指南/盖索林编著/王世江改编.-第2版.-北京:人民邮电出版社,2009.11 |
| 281页:图;24cm+光盘1片.-(移动开发系列丛书) |
| ISBN 978-7-115-21394-5:CNY45.00 (含光盘) |
| 本书是一本快速入门指南, 旨在帮助读者迅速由入门晋级到实际应用, 学会Android平台的应用程序设计。本书共分6个主题41章, 每章皆以实例为主轴, 介绍在实际编写应用程序时将经常使用到的功能, 并配合相关的概念讲解。内容包括Android开发工具的安装与使用、Android应用程序界面编写、通过重构让应用程序更容易扩展与维护、以用户为导向设计手机应用程序、发布应用程序、SQLite数据库应用、地图与定位功能等。随书光盘中包括了所有范例的程序代码。 |
| ● |
| 相关链接 |
|
|
|
正题名:Google Android开发入门指南
索取号:TN929.53/G013=2
 
预约/预借
| 序号 | 登录号 | 条形码 | 馆藏地/架位号 | 状态 | 备注 |